| 000 | 00576nam a22001695i 4500 | ||
|---|---|---|---|
| 001 | 154699 | ||
| 003 | ES-MaACL | ||
| 005 | 20230906205824.0 | ||
| 008 | 040708s1899 fr |||| | fre d | ||
| 040 |
_aCAM _bspa _cCAM |
||
| 100 | 1 |
_aGourmont, Rémy de ( _d1858-1916) _959362 |
|
| 245 | 1 | 3 |
_aLe songe d'une femme _b: roman familier / _cRemy de Gourmont. |
| 250 | _a3e éd. | ||
| 260 |
_aParis : _bSociété du Mercure de France, _c1899 ( _ePoitiers : _fBlaise et Roy) |
||
| 300 |
_a250 p. ; _c18 cm. |
||
| 852 |
_aES-MaACL _jD-2585 _z-- Enc. hol. conservando la cub. original |
||
| 999 |
_c154699 _d154699 |
||